Presupuesto ordinario de ingresos y gastos : ejercicio de 1939 / Diputación Provincial de Badajoz ejercicio de 1939 / Diputación Provincial de Badajoz
Descripción Física:
152 p. ; 24 cm
MARC
| LEADER | 00000nam a2200000Ia 4500 | ||
|---|---|---|---|
| 001 | 1209 | ||
| 008 | 160829s1939 xx 000 0 cat d | ||
| 080 | |a M-3-54 | ||
| 110 | |a Badajoz (Extremadura : Província). |b Diputación |9 54071 | ||
| 245 | |a Presupuesto ordinario de ingresos y gastos : |b ejercicio de 1939 / Diputación Provincial de Badajoz | ||
| 260 | |a Badajoz : |b (Imp. de la Diputación Provincial), |c 1939 | ||
| 300 | |a 152 p. ; |c 24 cm | ||
| 610 | 0 | |a Badajoz (Extremadura : Província). |b Diputación |9 54071 | |
| 650 | 0 | |a Pressupostos autonòmics |9 54072 | |
| 901 | |a Arxiu | ||
| 942 | |n 1 |2 udc | ||
| 952 | |0 0 |1 0 |4 0 |6 M354 |7 1 |9 42174 |a Arxiu |b Arxiu |d 2016-12-01 |l 0 |o M-3-54 |p 1209 |r 2016-12-01 00:00:00 |w 2016-12-01 |y ARXIU | ||
| 999 | |c 44621 |d 44621 | ||